| 000 | 00533nam a2200169 4500 | ||
|---|---|---|---|
| 001 | 123373 | ||
| 003 | ES-MaACL | ||
| 005 | 20230906192148.0 | ||
| 007 | t| | ||
| 008 | 070214s1952 sp r ||||1| spa d | ||
| 100 | 1 |
_aRadaelli, Sigfrido A. _994906 |
|
| 245 | 1 | 4 |
_aLos gremios olvidados _b: problemas del trabajo intelectual / _cSigfrido A. Radaelli. |
| 260 |
_aMadrid : _bCorreo Literario, _c1952. |
||
| 300 |
_a14 p. ; _c24 cm. |
||
| 500 | _aEs separata de: El Correo Literario, nÂș 41. | ||
| 852 |
_aES-MaACL _j1932-F-3 _bR.31864 |
||
| 999 |
_c123373 _d123373 |
||